Slovenské dlhopisové fondy

Na základe skúmaných troch najpredávanejších otvorených fondov v SR zistenie, že iba jeden z nich má duráciu portfólia na hodnotách zodpovedajúcich charakteristike dlhopisového fondu, a to fond SPORO Eurový dlhopisový fond.

Enregistré dans:
Détails bibliographiques
Auteur principal: Badura, Peter, 1978-
Autres auteurs: Kmeťko, Miroslav, 1969-, Škriniar, Pavel, 1979-
Format: Chapitre de livre
Langue:slovaque
Sujets:
Tags: Ajouter un tag
Pas de tags, Soyez le premier à ajouter un tag!

MARC

LEADER 00000nla a2200000 4500
001 0240072
005 20240502073907.9
041 0 |a slo 
044 |a SK 
245 1 0 |a Slovenské dlhopisové fondy  |c Peter Badura, Miroslav Kmeťko, Pavel Škriniar 
520 |a Na základe skúmaných troch najpredávanejších otvorených fondov v SR zistenie, že iba jeden z nich má duráciu portfólia na hodnotách zodpovedajúcich charakteristike dlhopisového fondu, a to fond SPORO Eurový dlhopisový fond. 
610 2 0 |a dlhopisy 
610 2 0 |a fondy dlhopisové 
610 2 0 |a durácia 
610 2 0 |a fondy podielové 
610 2 0 |a fondy podielové otvorené 
100 1 |a Badura, Peter, 1978- 
700 1 |a Kmeťko, Miroslav, 1969- 
700 1 |a Škriniar, Pavel, 1979-